| 000 | 00476nam a22001217a 4500 | ||
|---|---|---|---|
| 999 |
_c23737 _d23737 |
||
| 003 | NUST | ||
| 005 | 20170608114943.0 | ||
| 008 | 140103b xxu||||| |||| 00| 0 eng d | ||
| 010 | _a2009050496 | ||
| 020 |
_a97814398 _cAvailable |
||
| 040 |
_aDLC _bDLC _cRCMS |
||
| 082 |
_22nd, ed . _a658GRA _b002497 |
||
| 100 |
_aJeffrey. O Grady _91822 |
||
| 245 |
_aSystem Management / _cGrady Jeffrey. O _bPlanning,Enterprise Identity,and Deployment |
||
| 250 | _a2nd,ed. | ||
| 260 |
_aUSA _bCRC Press _cc2013 |
||
| 300 |
_axxxviii,590,p: _bill: _c22,cm. |
||
| 504 | _a Includes with bibliographical reference and index. | ||
| 505 | _a"Content of this book first materialized under two earlier titles: System Engineering Planning and Enterprise Identity and System Engineering Development." | ||
| 538 | _iShelf No 1 Row No 4 | ||
| 650 |
_a1. Systems Engineering ------ Management _92266 |
||
| 856 | _3Table of Content Only | ||
| 942 |
_2ddc _cBK |
||